| 000 | 00427cam a22001337a 4500 | ||
|---|---|---|---|
| 008 | 180718b1986 xxu||||| |||| 00| 0 eng d | ||
| 082 | _aA99 G151 Se75t | ||
| 245 |
_aTrusteeship: the Gandhian alternative _cedited by J.D. Sethi |
||
| 260 |
_aNew Delhi _bGandhi Peace Foundation _c1986 |
||
| 300 | _a238p. | ||
| 650 | _aTrusis and trustees - India | ||
| 650 | _aGandhi, M.K. - Criticism and interpretation | ||
| 700 | _aSethi, J.D. | ||
| 999 |
_c354240 _d354240 |
||